Маншон, Полуобувка и Мъхеста брада (Запис номер 12487)
[ съкратено ]
| 000 -Лидер | |
|---|---|
| Контролно поле с фиксирана дължина | 01491nam a2200349 c 4500 |
| 003 - Код на организацията, давaща контролен номер | |
| Контролно поле | BLK |
| 005 - Дата и час на последна редакция | |
| Контролно поле | 20220720125746.0 |
| 008 - Елементи от данни с фиксирана дължина | |
| fixed length control field | 180412b bul|||||r ||||||| ||bul|| |
| 010 ## - Наследен системен номер | |
| LC control number | KNG00014093000 |
| 020 ## - Международен стандартен номер на книга ISBN | |
| Международен стандартен номер на книга ISBN | 954-527-057-8 |
| -- | издат.: Дамян Яков |
| 040 ## - Източник на каталожния запис | |
| Идентификатор на билиотеката - собственик на записа | BLK |
| 041 ## - Код за език | |
| Код за езика на текст/звукозапис или на отделно заглавие | Български |
| Код за езика КДБФ | Български |
| 080 ## - УДК | |
| Текстов определител УДК | Естонска литература |
| УДК код - определител по УДК | 821.511.113 |
| УДК определител | -93-32 |
| УДК - код + определител | 821.511.113-93-32 |
| 100 1# - Редна дума - Автор | |
| Автор | Рауд, Ено |
| Авторска отговорност | първи автор |
| R(LIN) | 115364 |
| 139 ## - Редно поле | |
| Редна дума | Рауд, Ено |
| Авторски знак | Рас - Р 38 |
| 245 10 - Сведения за заглавието | |
| Заглавие | Маншон, Полуобувка и Мъхеста брада |
| Подзаглавни данни | Приказна повест за деца |
| Редно поле (дума) | Ено Рауд; прев. от ест. Дора Стоянова Янева-Медникарова; худож. Веселин Праматаров. |
| 257 ## - Страна на издаване | |
| Страна на създаване/издаване | Естония |
| 260 ## - Област на издателските данни | |
| -- | София |
| Име на издателя, разпространителя и проч. | Дамян Яков |
| Година на издаване | 1996 |
| 300 ## - Физическа характеристика | |
| Страници | 184 с. |
| Илюстрации и др. | с ил. |
| Размери/Мащаб | 22 см |
| 380 ## - Жанр | |
| Жанр | Детска худож. лит. |
| 500 ## - Общи забележки | |
| Забележка | Ориг. загл. Naksitrallid / Eno Raud. - В кн. означено 3. изд. |
| 653 ## - Ключова дума – ненормативна | |
| Ключова дума | приказни повести |
| 653 ## - Ключова дума – ненормативна | |
| Ключова дума | детска литература |
| 653 ## - Ключова дума – ненормативна | |
| Ключова дума | литература за деца |
| 700 1# - Други автори (авторска отговорност) | |
| Лично име | Янева-Медникарова, Дора Стоянова |
| Автороска отговорност (Описва отношението между автора и произведението) | прев. от ест. |
| 9 (RLIN) | 257563 |
| 700 1# - Други автори (авторска отговорност) | |
| Лично име | Праматаров, Веселин |
| Автороска отговорност (Описва отношението между автора и произведението) | худож. |
| 9 (RLIN) | 363960 |
| 852 ## - Местоположение | |
| Форматна сигнатура | Цб 190223 |
| 856 4# - Електронен адрес и достъп | |
| Електронен формат | pdf - файл |
| Път до файла /url/ | |
| 856 4# - Електронен адрес и достъп | |
| Електронен формат | pdf - файл |
| Път до файла /url/ | |
| 942 ## - АРТИКУЛИ | |
| Вид на библиотечния материал | Книги |
| Скрит в OPAC | Не |
| Koha issues (borrowed), all copies | 9 |
| 944 ## - СЪЗДАВАНЕ И РЕДАКЦИЯ на ЗАПИСА | |
| Създаване/Редакция | Създаване |
| Дата на регистрацията/редакция | 09.05.2003 |
| Служител, извършил регистрацията/редакцията | Наталия_Медовщикова |
| 944 ## - СЪЗДАВАНЕ И РЕДАКЦИЯ на ЗАПИСА | |
| Създаване/Редакция | Редакция |
| Дата на регистрацията/редакция | 12.03.2008 |
| Служител, извършил регистрацията/редакцията | |
| 999 ## - СИСТЕМНИ КОНТРОЛНИ НОМЕРА | |
| Koha biblionumber | 12487 |
| Koha biblioitemnumber | 12487 |
| Код за отписване | Код за изгубен артикул | Код за повреда | Коз за рестрикции | Код за отдаване | Артикулен № | Име на библиотеката - собственик | Име на библиотеката, в която се намира в момента | Статус (Текущо местоположение) | Дата на вписване в системата | Местоположение - отдел | Цена в лева | Инвентарен номер | Систематично азбучна сигнатура | Баркод | Номер на екземпляра | Цена в евро | Служебна бележка | Служебен тип на артикула | Източник на класификационната схема |
|---|---|---|---|---|---|---|---|---|---|---|---|---|---|---|---|---|---|---|---|
| Изтеглен | Не е изгубен | Не е повреден | без рестрикции | заемане за дома | 21581 | Регионална библиотека "Любен Каравелов" Русе | Регионална библиотека "Любен Каравелов" Русе | Детски отдел | 2000-07-10 | Детски отдел | 2.30 | 626312 | ДХ 820/899/Р 38 | 626312 | 1 | 1.18 | Дост: Pk Вид: Ф N: 2 Дата: 08.07.2000 Дата инв: 14.09.2015 Бележки инв: Д2015 | Книги | |
| Изтеглен | Не е изгубен | Не е повреден | без рестрикции | заемане за дома | 21582 | Регионална библиотека "Любен Каравелов" Русе | Регионална библиотека "Любен Каравелов" Русе | Детски отдел | 2001-01-01 | Детски отдел | 325.00 | 626314 | ДХ 820/899/Р 38 | 626314 | 2 | 166.17 | Дост: Pk Вид: Ф N: стар фонд Дата: 01.01.1996 Дата инв: 10.08.2015 Бележки инв: Д2015 | Книги | |
| Не е изгубен | Не е повреден | без рестрикции | ползва се в читалня | 21583 | Регионална библиотека "Любен Каравелов" Русе | Регионална библиотека "Любен Каравелов" Русе | Хранилище | 2001-01-01 | Хранилище | 1.95 | 626602 | Цб 190223 | 120000626602 | 3 | 1.00 | Дост: Dp Вид: Д N: стар фонд Дата: 01.01.1996 | Книги | Universal Decimal Classification | |
| Изтеглен | Не е изгубен | Не е повреден | без рестрикции | заемане за дома | 21584 | Регионална библиотека "Любен Каравелов" Русе | Регионална библиотека "Любен Каравелов" Русе | Детски отдел | 2001-01-01 | Детски отдел | 325.00 | 628000 | ДХ 820/899/Р 38 | 628000 | 4 | 166.17 | Дост: Pk Вид: Ф N: стар фонд Дата: 01.01.1996 Дата инв: 10.08.2015 Бележки инв: Д2015 | Книги | |
| Изтеглен | Не е изгубен | Не е повреден | без рестрикции | заемане за дома | 21585 | Регионална библиотека "Любен Каравелов" Русе | Регионална библиотека "Любен Каравелов" Русе | Детски отдел | 2001-01-01 | Детски отдел | 325.00 | 628001 | ДХ 820/899/Р 38 | 628001 | 5 | 166.17 | Дост: Pk Вид: Ф N: стар фонд Дата: 01.01.1996 Дата инв: 26.08.2015 Бележки инв: Д2015 | Книги | Universal Decimal Classification |
| Не е изгубен | Не е повреден | без рестрикции | заемане за дома | 21586 | Регионална библиотека "Любен Каравелов" Русе | Регионална библиотека "Любен Каравелов" Русе | Детски отдел | 2001-01-01 | Детски отдел | 1.95 | 628003 | ДХ 820/899/Р 38 | 628003 | 6 | 1.00 | Дост: Pk Вид: Ф N: стар фонд Дата: 01.01.1996 Дата инв: 12.08.2015 Бележки инв: Д2015 | Книги | Universal Decimal Classification | |
| Изтеглен | Не е изгубен | Не е повреден | без рестрикции | заемане за дома | 21587 | Регионална библиотека "Любен Каравелов" Русе | Регионална библиотека "Любен Каравелов" Русе | Детски отдел | 2001-01-01 | Детски отдел | 325.00 | 628004 | ДХ 820/899/Р 38 | 628004 | 7 | 166.17 | Дост: Pk Вид: Ф N: стар фонд Дата: 01.01.1996 Дата инв: 10.08.2015 Бележки инв: Д2015 | Книги | |
| Изтеглен | Не е изгубен | Не е повреден | без рестрикции | заемане за дома | 21588 | Регионална библиотека "Любен Каравелов" Русе | Регионална библиотека "Любен Каравелов" Русе | Детски отдел | 2001-01-01 | Детски отдел | 325.00 | 628007 | ДХ 820/899/Р 38 | 628007 | 8 | 166.17 | Дост: Pk Вид: Ф N: стар фонд Дата: 01.01.1996 Дата инв: 10.08.2015 Бележки инв: Д2015 | Книги | Universal Decimal Classification |
| Изтеглен | Не е изгубен | Не е повреден | без рестрикции | заемане за дома | 21589 | Регионална библиотека "Любен Каравелов" Русе | Регионална библиотека "Любен Каравелов" Русе | Детски отдел | 2002-07-10 | Детски отдел | 2.30 | 120000671004 | ДХ 820/899/Р 38 | 120000671004 | 9 | 1.18 | Дост: Pk Вид: Б N: 2 Дата: 08.07.2002 Дата инв: 10.09.2015 Бележки инв: Д2015 | Книги |